000 00331nam a2200157Ia 4500
100 _aMehta/V.K/ Mehta/ R
650 _aELECTRONICS
942 _cBK
366 _f20
245 _aPrinciples of Electronics
260 _bS.Chand
_c1980
082 _a621.3
_bMEH
300 _a778
546 _aENGLISH
_cPAMPHALETS
999 _c28476
_d28476